000
00297nam a2200121Ia 4500
008
191201s2010 xx 000 0 und d
100
_a
SHARMA, Sanjay
245
0
_a
Course in Computer Networks
260
_a
N. Delhi
_b
S.K. Kataria
_c
2010
300
_a
700
650
_a
B.Tech(IT)
942
_2
ddc
_c
BK
999
_c
6368
_d
6368